000 00621nam a2200229Ia 4500
003 OSt
005 20221005084435.0
006 a|||||r|||| 00| 0
007 ta
008 221004b |||||||| |||| 00| 0 eng d
024 _a27506
037 _cTextual
040 _aCRL
_cCRL
_beng
041 _2eng
_aeng
082 _aV73:24:N4, H4;K2
245 0 _aAmerican political parties
_b Their natural history
260 _aNew York
_bAlfred A Knopf
_c1962
300 _a486p.
_ccm.
650 _aUNITED STATES - HISTORY
_931585
942 _hV73:24:N4, H4;K2
_cTEXL
_2cc
999 _c992605
_d992605